[Event "Budapest Spring Festival 2018"]
[Site "Budapest"]
[Date "2018.04.25"]
[Round "8"]
[White "Onischuk, Vladimir"]
[Black "Grinberg, Eyal"]
[Result "1-0"]
[WhiteElo "2630"]
[BlackElo "2452"]
[Annotator "TA"]
[PlyCount "71"]
[EventDate "2018.??.??"]
[EventType "swiss"]
[EventCountry "HUN"]
[SourceTitle "playchess.com"]
[Source "ChessBase"]
[SourceQuality "1"]

{[%evp 9,71,0,0,0,0,0,0,0,0,2,10,-3,-10,-28,25,0,23,21,31,13,15,30,34,27,60,56,54,63,67,39,52,52,90,104,91,102,108,76,144,147,158,146,186,182,180,162,158,162,160,149,246,252,597,557,572,564,555,553,595,581,598,573,577,562]} 1. e4 c5 2. Ne2 d6 3. g3 d5 4. d3 dxe4 $146 ({Predecessor:} 4... Nc6 5. Bg2 Nf6 6. O-O e6 7. exd5 Nxd5 8. Nbc3 Nxc3 9. Bxc6+ bxc6 10. Nxc3 Be7 11. Be3 Rb8 {1-0 (75) Onischuk,V (2637)-Shevchenko,K (2547) Zhitomir 2017}) 5. dxe4 Qxd1+ 6. Kxd1 {B20: Sicilian: Unusual White 2nd moves} Nc6 7. Be3 b6 8. Nd2 {The position is equal.} Bb7 9. f3 O-O-O 10. Nc1 g6 11. c3 Nf6 (11... f5 $142) 12. Nd3 Bg7 13. Kc2 Nd7 14. Be2 h5 15. Rhe1 Nde5 16. Nf2 e6 17. h4 Rhf8 18. f4 Bh6 19. Rad1 Kb8 20. Bf1 Ng4 21. Nxg4 hxg4 22. e5 {[%cal Be4e5,Be5f6][%mdl 32]} Ne7 23. Be2 f5 ({Black should try} 23... Nf5 24. Bf2 Bxf4 25. gxf4 g3) 24. exf6 $1 $16 Nd5 25. Nc4 ({But not} 25. Bxg4 $6 e5 $14) 25... Nxf6 26. Rxd8+ Rxd8 27. Ne5 {Strongly threatening Nf7.} Be4+ {[#]} 28. Kc1 $1 {Hoping for Nf7.} Bg7 29. Nxg4 Nd5 (29... Nxg4 $16 {was called for.} 30. Bxg4 Bf5) 30. Bd2 $18 Nb4 $2 (30... Nc7 31. Nf2 Bc6) 31. cxb4 {White is clearly winning.} Bxb2+ 32. Kxb2 Rxd2+ 33. Kc3 Rxa2 34. bxc5 bxc5 35. Nf6 Ra3+ 36. Kb2 {Precision: White = 77%, Black = 41%.} 1-0

[Event "Budapest Spring Festival 2018"]
[Site "Budapest"]
[Date "2018.04.25"]
[Round "8"]
[White "Gupta, Abhijeet"]
[Black "Kulaots, Kaido"]
[Result "1/2-1/2"]
[WhiteElo "2617"]
[BlackElo "2578"]
[Annotator "TA"]
[PlyCount "45"]
[EventDate "2018.??.??"]
[EventType "swiss"]
[EventCountry "HUN"]
[SourceTitle "playchess.com"]
[Source "ChessBase"]
[SourceQuality "1"]

{[%evp 17,45,0,0,0,0,0,0,0,9,0,0,0,0,-22,0,-20,0,-20,-11,-49,-37,-51,-49,-52,-36,-53,-12,-27,-8,-47]} 1. d4 d5 2. c4 c6 3. Nf3 Nf6 4. Nc3 a6 5. g3 dxc4 6. a4 e6 7. Bg2 c5 8. O-O cxd4 {D15: Slav Defence: 4 Nc3 a6 and gambit lines after 4 Nc3 dxc4} 9. Nxd4 Be7 {LiveBook: 3 Games} (9... Nbd7 10. Nc2 Qc7 11. Bf4 e5 12. Bd2 Nc5 13. Bg5 Be6 14. Bxf6 gxf6 15. Nd5 Qd8 16. Nce3 {1-0 (49) Kramnik,V (2795)-McShane,L (2713) London 2012}) 10. Nc2 {[%cal Bd4c2,Bc2e3,Be3c4,Bc4e5][%mdl 32]} Nc6 $146 ({Predecessor:} 10... Nbd7 11. Na3 Qc7 12. Bf4 e5 13. Be3 O-O 14. Nd5 Nxd5 15. Qxd5 c3 16. bxc3 {1-0 (67) Maatman,N (2325)-Dek,L (2266) Netherlands 2016}) 11. Qxd8+ Bxd8 12. Bxc6+ bxc6 13. Ne3 a5 14. Nxc4 Ba6 15. b3 Be7 16. Ne5 Nd5 17. Bb2 f6 18. Nxd5 ({Don't blunder} 18. Nxc6 $2 Nxc3 19. Bxc3 Rc8 $17) 18... cxd5 19. Nc6 Kd7 20. Nxe7 Kxe7 21. Rfc1 {[#] Strongly threatening Rc7+.} Rhc8 22. Kf1 Kd7 23. Rc3 {Precision: White = 48%, Black = 68%.} 1/2-1/2

[Event "Budapest Spring Festival 2018"]
[Site "Budapest"]
[Date "2018.04.25"]
[Round "8"]
[White "Gledura, Benjamin"]
[Black "Aryan Chopra"]
[Result "1/2-1/2"]
[WhiteElo "2616"]
[BlackElo "2523"]
[Annotator "TA"]
[PlyCount "75"]
[EventDate "2018.??.??"]
[EventType "swiss"]
[EventCountry "HUN"]
[SourceTitle "playchess.com"]
[Source "ChessBase"]
[SourceQuality "1"]

{[%evp 21,75,14,29,24,18,10,13,23,17,13,13,29,35,18,23,12,35,29,27,18,22,12,27,17,19,6,10,20,20,0,0,-44,-45,-31,-42,-45,-45,-141,-133,-139,-94,-107,-127,-103,-126,-137,-48,-46,-27,-27,-25,-25,-8,-8,-8,-8]} 1. d4 Nf6 2. c4 g6 3. g3 Bg7 4. Bg2 O-O 5. Nf3 d6 6. Nc3 Nc6 7. O-O e5 8. dxe5 dxe5 9. Bg5 Be6 10. Qc1 {E62: King's Indian: Fianchetto: 6...c6 and Panno Variation (6...Nc6) without ...a6} Qc8 (10... Qb8 11. Rd1 Nd7 12. Bh6 f6 13. Bxg7 Kxg7 14. b3 Rf7 15. Qb2 Qf8 16. Rd2 Rd8 17. Rad1 Nb6 18. Rxd8 Nxd8 {½-½ (35) Vidit,S (2721)-Naiditsch,A (2700) Hungary 2017}) 11. Rd1 Rd8 {LiveBook: 3 Games} 12. Rxd8+ {White has an edge.} Qxd8 13. Ne4 Qe7 $146 ({Predecessor:} 13... Bf5 14. Nfd2 Nd4 15. Qd1 Bg4 16. f3 Bf5 17. e3 Nc6 {1-0 (54) Mchedlishvili,M (2600)-Akhvlediani,I (2318) Batumi 2018}) 14. Nfd2 {[%cal Bf3d2,Bd2e4,Be4c3,Bc3d5][%mdl 32]} Bf5 15. e3 h6 16. Nxf6+ Bxf6 17. Bxf6 Qxf6 18. Ne4 Qe7 19. Nc3 e4 20. Nd5 Qe5 21. Qc3 Kg7 22. h3 (22. b3 {feels hotter.} Qxc3 23. Nxc3 Re8 24. Nd5 Rc8 25. Kf1) 22... h5 23. Nxc7 Qxc3 24. bxc3 Rd8 25. Rb1 Ne5 26. Nb5 Nf3+ 27. Bxf3 $1 exf3 $15 {[%mdl 4096] Endgame KRB-KRN} 28. Ra1 Bxh3 29. Nd4 (29. Nxa7 $15 Be6 30. c5) 29... Rc8 $17 30. Rb1 Rxc4 31. Rxb7 Rxc3 {( -> ...Rc1+)} 32. Nxf3 {[#]} Be6 $1 {[%cal Re6d5]} 33. Rb5 Bxa2 (33... Ra3 $17 34. Nd4 Rxa2) 34. Ra5 $15 Bb1 35. Nd2 Bd3 36. Rxa7 Rc2 37. Nb3 $1 Be4 {[#] Threatens to win with ...Bd5.} 38. Ra1 {Precision: White = 54%, Black = 73%.} 1/2-1/2

[Event "Budapest Spring Festival 2018"]
[Site "Budapest"]
[Date "2018.04.25"]
[Round "8"]
[White "Zhigalko, Sergei"]
[Black "Korpa, Bence"]
[Result "1/2-1/2"]
[WhiteElo "2608"]
[BlackElo "2499"]
[Annotator "TA"]
[PlyCount "76"]
[EventDate "2018.??.??"]
[EventType "swiss"]
[EventCountry "HUN"]
[SourceTitle "playchess.com"]
[Source "ChessBase"]
[SourceQuality "1"]

{[%evp 20,76,40,42,51,37,40,29,83,82,128,89,75,45,66,58,74,58,75,56,71,61,54,61,54,51,53,41,104,111,109,109,109,109,109,109,109,104,110,110,116,84,75,81,78,76,74,0,83,89,198,5,5,0,0,0,0,0,0]} 1. e4 c5 2. Nf3 e6 3. d4 cxd4 4. Nxd4 Nc6 5. Nc3 Qc7 6. Be3 Nf6 7. f4 {B48: Sicilian: Taimanov: 5 Nc3 Qc7 6 Be3 a6 without Be2} Bb4 8. Ndb5 Qa5 9. e5 Ne4 (9... Nd5 10. Bd2 Nxc3 11. Bxc3 O-O 12. Qd2 a6 13. Bxb4 Qxb4 14. Qxb4 Nxb4 15. Nd4 {½-½ (15) Motylev,A (2656)-Svidler,P (2751) Tallinn 2016}) 10. Qd3 Nxc3 11. bxc3 {LiveBook: 19 Games} Be7 12. Be2 O-O 13. O-O b6 (13... f6 $11 {remains equal.}) 14. a4 $146 ({Predecessor:} 14. Nd4 Nxd4 15. cxd4 {½-½ (34) Poetsch,H (2497)-Korpa,B (2474) Germany 2017}) 14... f6 15. exf6 Bxf6 16. Bf3 a6 17. Nd4 {[%cal Bb5d4,Bd4e2,Be2c1,Bc1b3][%mdl 32]} Bb7 18. Ne2 Rf7 19. Rfb1 Bd8 20. Nc1 Bc7 {Strongly threatening ...Ne5!} 21. Nb3 $1 {[%cal Rb3a5]} Qf5 22. Qxf5 Rxf5 23. a5 bxa5 (23... b5 $14) 24. Nc5 $36 {[%mdl 2048] Keeping Black busy.} Bc8 {[#]} 25. Nxe6 $1 {[%mdl 512]} dxe6 26. Bxc6 Rb8 27. Rxb8 Bxb8 28. g3 Bc7 29. c4 {[%cal Bc3c4,Bc4c5][%mdl 32]} g6 30. c5 e5 {[%cal Re5f4]} 31. Be4 Rh5 32. Bf3 Rf5 {[%cal Re5f4]} 33. Be4 Rh5 $1 34. Bd5+ Kf8 {[#]} (34... Kg7 $16) 35. c4 $2 (35. Bf3 $1 $18) 35... exf4 $11 {The position is equal.} 36. Bxf4 Bxf4 37. gxf4 Ke7 38. Kg2 Rh4 {Precision: White = 61%, Black = 46%.} 1/2-1/2

[Event "Budapest Spring Festival 2018"]
[Site "Budapest"]
[Date "2018.04.25"]
[Round "8"]
[White "Bernadskiy, Vitaliy"]
[Black "Zanan, Evgeny"]
[Result "1-0"]
[WhiteElo "2584"]
[BlackElo "2493"]
[Annotator "TA"]
[PlyCount "77"]
[EventDate "2018.??.??"]
[EventType "swiss"]
[EventCountry "HUN"]
[SourceTitle "playchess.com"]
[Source "ChessBase"]
[SourceQuality "1"]

{[%evp 17,77,-6,31,10,10,0,13,-2,0,0,0,0,0,0,0,14,0,0,19,0,47,0,113,63,89,100,106,87,84,89,115,111,181,174,188,197,218,204,203,229,295,291,425,418,491,256,248,249,240,220,709,708,685,651,1315,664,983,929,1139,1111,4706,2689]} 1. e4 e5 2. Nc3 Nf6 3. g3 d5 4. exd5 Nxd5 5. Bg2 Nxc3 6. bxc3 Bc5 7. Nf3 Nc6 8. O-O O-O 9. Re1 Qd6 {LiveBook: 3 Games. C47: Scotch Four Knights and Four Knights with 4 g3} 10. d3 Bg4 {[%cal Bc8g4,Bg4h5,Bh5f7][%mdl 32]} 11. h3 Bh5 {The position is equal.} 12. Qe2 $146 ({Predecessor:} 12. Be3 Bb6 13. a4 f5 14. Bxb6 axb6 15. Qb1 Rae8 16. Nd2 e4 17. Nc4 {0-1 (33) Amonatov,F (2620)-Ganguly,S (2668) Doha 2016}) 12... f6 13. g4 Bf7 14. Nd2 Qd7 15. Ne4 Bb6 16. a4 Rfe8 17. Bd2 {And now a5! would win.} a5 18. Be3 Ba7 19. Qf3 Qe7 (19... Bxe3 $11 {remains equal.} 20. fxe3 Bg6) 20. Rab1 Nd8 21. g5 fxg5 22. Nxg5 Bxe3 23. Qxe3 c6 24. f4 Qa3 (24... Bg6 $16) 25. Nxf7 Nxf7 26. Rxb7 Qxc3 {[#] Black wants to play ...Nd6.} 27. Rc7 $1 e4 28. dxe4 {[%cal Bd3e4,Be4e5][%mdl 32]} (28. Bxe4 $6 Qxc2 29. Kh1 (29. Rxc6 Qxa4 30. Qc5 Qb4 $14) 29... Qc3 $16) 28... Qxc2 29. e5 {Black must now prevent Rc1.} ({Inferior is} 29. Qd4 Rad8 $11) 29... Nd8 (29... Rab8 $142 30. e6 (30. Bxc6 Rb2 $18) 30... Nh6) 30. Kh1 $18 Rb8 31. Qa7 ({Weaker is} 31. Bd5+ Kh8 $16) (31. Qg1 $142 {Bd5+! would kill now.} Qg6 {[#]} 32. f5 $1 {[%mdl 512]}) 31... Ne6 {[#] Threatens to win with ...Rb1.} 32. Bd5 $1 {[%cal Rd5e6][%mdl 512]} Kh8 (32... cxd5 33. Rxc2) 33. Bxe6 $1 $40 {[%mdl 128] White has strong attack.} Rb1 $2 (33... Qc3 34. Qg1 (34. Rf1 Qd3 $16) 34... Qf3+ 35. Qg2 Qxg2+ 36. Kxg2 Rxe6) 34. Qg1 {[%csl Gc7][%cal Rg1g7] White is clearly winning.} Rxe1 35. Qxe1 Qxa4 36. Qe3 Qd1+ 37. Qg1 Qf3+ 38. Qg2 Qd1+ 39. Kh2 {Precision: White = 69%, Black = 29%.} 1-0

[Event "Budapest Spring Festival 2018"]
[Site "Budapest"]
[Date "2018.04.25"]
[Round "8"]
[White "Donchenko, Alexander"]
[Black "Henderson de La Fuente, Lance"]
[Result "1-0"]
[WhiteElo "2574"]
[BlackElo "2459"]
[Annotator "TA"]
[PlyCount "93"]
[EventDate "2018.??.??"]
[EventType "swiss"]
[EventCountry "HUN"]
[SourceTitle "playchess.com"]
[Source "ChessBase"]
[SourceQuality "1"]

{[%evp 23,93,16,0,0,37,41,39,39,39,39,48,41,38,41,35,45,29,29,23,16,18,18,16,22,21,16,92,103,115,96,103,102,104,89,86,88,114,77,67,76,138,60,162,160,152,154,195,210,269,272,281,264,266,266,293,281,306,305,316,245,359,343,463,460,439,448,429,421,618,611,592,580]} 1. Nf3 Nf6 2. g3 e6 3. Bg2 d5 4. O-O Be7 5. c4 O-O 6. d4 c6 7. Qc2 b6 8. Nbd2 Bb7 9. e4 Na6 10. a3 {E06: Closed Catalan: Early deviations} c5 11. exd5 exd5 12. Rd1 Rc8 {LiveBook: 5 Games} 13. b3 $146 ({Predecessor:} 13. dxc5 Nxc5 14. b4 Ne6 15. Bb2 dxc4 16. Nxc4 Qc7 17. Rac1 Qb8 {1-0 (70) Nakamura,H (2785)-Yu,Y (2738) Caleta 2017}) 13... Qc7 14. Bb2 dxc4 15. Qxc4 cxd4 16. Qxc7 Rxc7 17. Nxd4 Bxg2 18. Kxg2 Rd8 19. Nf5 Kf8 20. b4 Rc2 21. Bxf6 Bxf6 22. Ne4 Rxd1 23. Rxd1 Be7 $1 24. Ned6 Nc7 (24... Nb8 $1 $11) 25. Nc8 $16 Bf6 26. Nxa7 Rc3 27. a4 {Hoping for Rd6.} g6 28. Nd6 {Strongly threatening Ne4.} Ra3 29. Ne4 Ne8 30. Nc6 Rxa4 31. Rd7 Ra8 ({Better is} 31... Ra2) 32. b5 (32. Rb7 $16) 32... h6 (32... Ra4 $14 33. Nxf6 Nxf6) 33. Rb7 $18 Bd8 34. Nc3 Nf6 {[#]} 35. Ne5 $1 Ra3 36. Nxf7 ({Not} 36. Rxf7+ Ke8 $16) 36... Rxc3 37. Nxd8 {[%mdl 4096] Endgame KRN-KRN} Nd5 38. Rd7 Ne7 {[#]} 39. Rd6 $1 Rb3 40. Rxb6 Ke8 41. Ne6 Kf7 (41... Nd5 {might work better.} 42. Rb7 Rb2) 42. Nc5 Rb2 43. Nd3 {White is clearly winning.} Rb3 44. Ne5+ Kg7 45. Re6 Rxb5 (45... Nd5 $142 46. Rxg6+ Kh7) 46. Rxe7+ Kf6 47. Nc6 {Precision: White = 81%, Black = 47%.} 1-0

[Event "Budapest Spring Festival 2018"]
[Site "Budapest"]
[Date "2018.04.25"]
[Round "8"]
[White "Ivanisevic, Ivan"]
[Black "Abdumalik, Zhansaya"]
[Result "1-0"]
[WhiteElo "2562"]
[BlackElo "2443"]
[Annotator "TA"]
[PlyCount "113"]
[EventDate "2018.??.??"]
[EventType "swiss"]
[EventCountry "HUN"]
[SourceTitle "playchess.com"]
[Source "ChessBase"]
[SourceQuality "1"]

{[%evp 10,113,32,-6,22,20,21,20,44,45,50,44,44,39,52,37,34,48,41,27,22,20,35,29,33,29,18,22,47,0,58,62,76,80,77,63,80,63,72,73,66,49,67,75,88,72,78,77,60,52,58,0,0,0,61,16,52,0,70,0,0,0,39,37,59,-8,203,203,189,195,335,265,288,251,679,368,386,386,313,383,386,369,385,220,220,220,220,220,282,213,335,335,947,947,1001,1001,1002,1001,987,977,29976,29977,29985,29986,29986,29987]} 1. b3 Nf6 2. Bb2 d5 3. Nf3 g6 4. c4 Bg7 5. cxd5 (5. g3 O-O 6. Bg2 Nc6 7. cxd5 Nxd5 8. Bxg7 Kxg7 9. d4 Bf5 10. O-O Ndb4 11. Na3 a5 12. Qc1 Be4 13. Rd1 e6 14. Qb2 {0-1 (33) Grischuk,A (2767)-Morozevich,A (2665) Moscow 2018}) 5... O-O 6. Bxf6 {LiveBook: 3 Games. A06: Réti Opening:1 Nf3 d5} exf6 7. Nc3 f5 8. e3 $146 {The position is equal.} ({Predecessor:} 8. g3 b6 9. Rc1 Bb7 10. d4 Nd7 11. Bg2 Nf6 {½-½ (24) Nanu,C (2450)-Shishkin,V (2519) Baile Tusnad 2005}) 8... b6 9. Rc1 Bb7 10. Bc4 Nd7 {[%cal Bb8d7,Bd7f6,Bf6e4][%mdl 32]} 11. d4 a6 12. a4 Re8 13. O-O Bf8 14. Rc2 Bd6 15. Ne1 {[%cal Bf3e1,Be1d3,Bd3e5,Be5c6][%mdl 32]} Nf6 16. Nd3 Ne4 17. Re1 Qh4 18. g3 Qh6 19. f4 (19. b4 {seems wilder.} Nf6 20. Qf3 Qf8 21. Rb1 a5 22. bxa5 Rxa5 23. Bb5) 19... Re7 ({Better is} 19... Nxc3 $11 20. Rxc3 Qf8) 20. Nxe4 $14 fxe4 21. Ne5 f6 22. Nc6 Rg7 23. h4 g5 24. hxg5 fxg5 25. Rh2 Qf6 {[%cal Rg5f4]} 26. Kh1 Kh8 27. Qh5 gxf4 28. gxf4 Rag8 29. Ne5 Bc8 30. Rh4 Be7 31. Rh2 Bd6 $1 32. Qh6 Qe7 {...Bxe5 is the strong threat.} 33. Be2 (33. Qh4 $1 $14) 33... a5 (33... Bxe5 $11 34. dxe5 (34. fxe5 Rg6 $11) 34... Rg6) 34. Qh4 (34. Nc6 $14 Qf8 35. Ne5) 34... Qxh4 $11 35. Rxh4 Bb4 36. Rf1 $36 {[%mdl 2048] White is more active.} Bd2 37. Bh5 (37. Nc4 $14 Bb4 38. d6) 37... Rg3 $2 ({Much worse is} 37... Bxe3 $6 38. Nf7+ Rxf7 39. Bxf7 $14) (37... Ba6 $11 {and Black is okay.} 38. Rd1 Bxe3) 38. f5 $1 $18 {[%cal Bf4f5,Bf5f6][%mdl 32]} Bxe3 39. Bg6 $1 {[%csl Gg6][%cal Rh4h7]} h6 (39... Kg7 $142) 40. f6 {[%cal Re5f7]} (40. Rxe4 Bb7 $16) 40... Rf8 41. Kh2 (41. Bxe4 Ba6 $14) 41... Ba6 $2 (41... Rf3 42. Nxf3 exf3) 42. Rf5 Rf3 43. Nd7 (43. Nxf3 exf3 44. Re4 (44. Rxf3 Bg5 $18) 44... Bg5 $18) 43... Rxf6 44. Nxf6 ({Not} 44. Rxf6 Bg5 $14) 44... Rxf5 45. Bxf5 Bg5 46. Kg3 (46. Rxe4 $142 Bxf6 47. Kg3) 46... e3 {[#]} 47. Re4 $1 {Nh5 would kill now.} Bxf6 48. Rxe3 {[%mdl 4096] Endgame KRB-KB} Kg7 49. Kg4 Kf7 (49... Bxd4 $142 50. Re7+ Kf6 51. Re6+ Kf7) 50. Rc3 Bxd4 $2 (50... Bd8 51. Be4 Ke8) 51. Rxc7+ Kf6 52. Rc6+ Ke5 {[#]} 53. d6 $1 {[%cal Bd5d6,Bd6d7][%mdl 32] Threatens to win with d7.} h5+ 54. Kg5 {And now d7 would win.} Be3+ 55. Kg6 {White mates.} Bf2 56. d7 Bh4 57. Re6+ {Precision: White = 60%, Black = 55%.} 1-0

[Event "Budapest Spring Festival 2018"]
[Site "Budapest"]
[Date "2018.04.25"]
[Round "8"]
[White "Maiorov, Nikita"]
[Black "Sankalp, Gupta"]
[Result "1/2-1/2"]
[WhiteElo "2543"]
[BlackElo "2374"]
[Annotator "TA"]
[PlyCount "104"]
[EventDate "2018.??.??"]
[EventType "swiss"]
[EventCountry "HUN"]
[SourceTitle "playchess.com"]
[Source "ChessBase"]
[SourceQuality "1"]

{[%evp 11,104,0,28,4,-5,-4,-10,0,0,-3,17,16,16,2,0,-25,-28,-63,-36,-58,-38,-54,-18,-42,-26,-42,-19,-16,-8,-25,-17,-16,0,25,29,21,26,18,170,161,241,76,72,67,72,0,0,0,0,0,0,0,0,0,0,-24,0,-81,-25,-83,0,-40,-53,-118,-53,-142,0,0,0,0,0,-22,-22,-82,0,-25,-26,-26,-18,-18,-18,-18,0,0,0,-26,0,0,-27,-27,0,-19,0,-34,0]} 1. d4 Nf6 2. Nf3 g6 3. Bf4 Bg7 4. c3 O-O 5. Nbd2 d6 6. e4 c5 {LiveBook: 13 Games} 7. Be2 {A48: 1 d4 Nf6 2 Nf3 g6: Torre, London and Colle Systems} (7. dxc5 dxc5 8. h3 Nc6 9. Bb5 Bd7 10. O-O Ne5 11. Bxd7 Nxf3+ 12. Nxf3 Qxd7 13. e5 Nd5 14. c4 Nb6 {1-0 (67) Berkes,F (2648)-Safarli,E (2657) Reykjavik 2015}) 7... cxd4 8. cxd4 b6 9. O-O {The position is equal.} Bb7 10. Qb1 $146 ({Predecessor:} 10. e5 dxe5 11. dxe5 Ne4 12. Nxe4 Bxe4 13. Qxd8 Rxd8 {½-½ (36) Trabazos Gallego,J (1922)-Romero Calduch,S (1889) Benidorm 2011}) 10... Nh5 11. Be3 e5 12. dxe5 dxe5 13. Bc4 Nc6 14. Bg5 Bf6 15. Be3 Qe7 16. a3 Rad8 17. g3 Bg7 18. b4 Kh8 19. Bd5 Nf6 20. Bg5 Nd4 {[%cal Bc6d4,Bd4e2,Be2c3][%mdl 32] Hoping for ...Ne2+.} 21. Bxb7 Ne2+ 22. Kg2 Qxb7 23. Re1 (23. Nxe5 $2 Rxd2 $1 {[%mdl 512]} 24. Bxd2 Nxe4 $19) 23... Nc3 24. Qb3 Nfxe4 $2 (24... Nb5 $11 {and Black has nothing to worry.}) 25. Nxe4 $18 Rd3 (25... Nxe4 {was called for.} 26. Bxd8 Nd2) 26. Qc4 $2 (26. Bd2 $1 $18 {[%cal Rd2c3]} Nxe4 27. Qxd3 Nxd2 28. Qxd2) 26... Rxf3 $16 27. Kxf3 Rc8 28. Qxc8+ (28. Qd3 $16 f5 29. Kg2 Nxe4 30. Qf3) 28... Qxc8 $11 29. Nxc3 Qxc3+ 30. Kg2 h6 (30... e4 {with more complications.} 31. Rac1 Qf3+ 32. Kg1 h5 33. h4 Qxa3 34. Rxe4 Bc3) 31. Be3 e4 32. Rac1 Qxa3 33. b5 Qb4 34. Rb1 (34. Red1 $11) 34... Qc4 (34... Qe7 $17) 35. Rec1 (35. Red1 $11) 35... Qa2 ({Black should play} 35... Qe2 $17) 36. Rd1 h5 37. h3 (37. Rbc1 $15) 37... Be5 ({Better is} 37... Qe2 $17 {Strongly threatening ...h4!} 38. Kg1 Qf3) 38. Rb4 {[#]} (38. Rd8+ $15 Kg7 39. Rb4) 38... Kg7 ({Black should try} 38... Qe2 $1 $17 {[%cal Re2f3]} 39. Rd8+ Kh7) 39. Rd2 $1 {[%cal Rd2a2]} Qa5 40. Rxe4 Bf6 ({Don't blunder} 40... Qxb5 $2 {[#]} 41. Rxe5 $1 {[%mdl 512]} Qc6+ 42. Kh2 $18) 41. Rd5 a6 42. Rd6 (42. Rf4 $11 {keeps the balance.}) 42... Qxb5 (42... axb5 $17 43. Rxb6 (43. Re8 b4 $17) 43... Qa8) 43. Rxb6 Qd5 44. f3 a5 45. Ra6 Qa2+ 46. Bf2 Bc3 47. Rc6 Bf6 48. Rcc4 Qd2 49. Ra4 Bc3 50. Rac4 {Rxc3! is the strong threat.} Bf6 51. Rc7 Qa2 52. Rcc4 Qd2 {Precision: White = 42%, Black = 40%.} 1/2-1/2

[Event "Budapest Spring Festival 2018"]
[Site "Budapest"]
[Date "2018.04.25"]
[Round "8"]
[White "Antal, Gergely"]
[Black "Molchanov, Oleksii"]
[Result "1-0"]
[WhiteElo "2534"]
[BlackElo "2357"]
[Annotator "TA"]
[PlyCount "106"]
[EventDate "2018.??.??"]
[EventType "swiss"]
[EventCountry "HUN"]
[SourceTitle "playchess.com"]
[Source "ChessBase"]
[SourceQuality "1"]

{[%evp 26,106,17,0,20,12,23,2,2,8,16,0,0,0,13,21,58,61,62,56,84,58,62,61,66,76,68,70,160,144,289,105,109,109,102,110,110,114,114,105,114,92,101,97,121,113,121,114,125,121,141,106,141,127,132,126,141,141,208,208,202,188,200,188,456,459,456,441,437,428,547,538,514,506,625,625,1049,1045,1577,1458,1461,1400,1750]} 1. e4 e5 2. Nf3 Nc6 3. Bc4 Bc5 4. c3 Nf6 5. d4 exd4 6. e5 d5 7. Bb5 Ne4 8. cxd4 Bb6 9. Nc3 O-O 10. Be3 {C54: Giuoco Piano: 4 c3 Nf6, main lines with 5 d4 and 5 d3} Bg4 11. h3 Bh5 12. Qc2 Bg6 (12... Bxf3 13. gxf3 Ng5 14. O-O-O Nxf3 15. Bxc6 bxc6 16. Qf5 Nh4 17. Qg4 Ng6 {½-½ (38) Naiditsch,A (2701)-Anand,V (2776) Karlsruhe/Baden-Baden 2018}) 13. Qb3 Ne7 14. Nh4 {LiveBook: 4 Games} Nxc3 15. bxc3 {[#]} c6 $146 ({Predecessor:} 15... Be4 16. O-O h6 17. f4 f6 18. a4 c6 19. Be2 Rb8 20. Nf3 {½-½ (20) Karpatchev,A (2489)-Cuenca Jimenez,J (2525) Lueneburg 2016}) 16. Nxg6 Nxg6 17. Bd3 f6 18. exf6 Qxf6 19. Qc2 Rac8 20. O-O Bc7 21. g3 Rce8 22. Rae1 Qd6 23. f4 Re7 24. Bc1 Rfe8 25. Re5 Nf8 26. Kg2 Qh6 (26... Qd7 $14) 27. c4 $1 $16 dxc4 (27... Bxe5 $16 28. fxe5 g5 29. cxd5 cxd5) 28. Qxc4+ $2 (28. Bxc4+ $18 {is the precise move to win.} Kh8 29. Bf7 $1 {[%mdl 512]} Bxe5 30. fxe5) 28... Kh8 29. Rxe7 Rxe7 30. d5 cxd5 31. Qxd5 Qe6 32. Qxe6 Nxe6 33. Bc4 Nc5 34. Rd1 b6 35. Bb2 h6 36. Kf3 Re8 37. Ba1 Re7 38. Be2 Ne6 39. Bb5 Nc5 40. h4 {[%cal Bh3h4,Bh4h5][%mdl 32]} Kg8 41. Bc4+ Kf8 {[#]} (41... Kh7 $16 42. h5 Re4) 42. Rd5 $1 $18 a6 43. Rf5+ Ke8 44. h5 Rd7 $2 (44... Bd6 45. Bd4 b5 46. Bxc5 Bxc5) 45. Bd5 {White is clearly winning.} Kd8 46. Bc6 Rd6 47. Be4 Nxe4 48. Kxe4 {[%mdl 4096] Endgame KRB-KRB} Re6+ 49. Kf3 b5 50. Bxg7 b4 51. g4 Bb6 52. g5 hxg5 53. h6 Bd4 {Precision: White = 80%, Black = 31%.} 1-0